| 000 -LEADER |
| fixed length control field |
nam a22 a 4500 |
| 003 - CONTROL NUMBER IDENTIFIER |
| control field |
AKMLA |
| 005 - DATE AND TIME OF LATEST TRANSACTION |
| control field |
20190131092641.0 |
| 008 - FIXED-LENGTH DATA ELEMENTS--GENERAL INFORMATION |
| fixed length control field |
170522s2003 my e 000 0 may d |
| 020 ## - INTERNATIONAL STANDARD BOOK NUMBER |
| International Standard Book Number |
9676113778 (kkt.): |
| Terms of availability |
RM18.90 |
| 039 #9 - LEVEL OF BIBLIOGRAPHIC CONTROL AND CODING DETAIL [OBSOLETE] |
| Level of rules in bibliographic description |
201305150933 |
| Level of effort used to assign nonsubject heading access points |
norizan |
| Level of effort used to assign subject headings |
201106141628 |
| Level of effort used to assign classification |
noraini_y |
| Level of effort used to assign subject headings |
200601161637 |
| Level of effort used to assign classification |
anizam |
| 040 ## - CATALOGING SOURCE |
| Original cataloging agency |
AKMAL |
| Transcribing agency |
AKMAL |
| 049 00 - LOCAL HOLDINGS (OCLC) |
| Holding library |
pmamal |
| 082 04 - DEWEY DECIMAL CLASSIFICATION NUMBER |
| Classification number |
658.4012 YEO |
| Edition number |
21 |
| 090 00 - LOCALLY ASSIGNED LC-TYPE CALL NUMBER (OCLC); LOCAL CALL NUMBER (RLIN) |
| Classification number (OCLC) (R) ; Classification number, CALL (RLIN) (NR) |
658.4012 |
| Local cutter number (OCLC) ; Book number/undivided call number, CALL (RLIN) |
YEO |
| 090 20 - LOCALLY ASSIGNED LC-TYPE CALL NUMBER (OCLC); LOCAL CALL NUMBER (RLIN) |
| Classification number (OCLC) (R) ; Classification number, CALL (RLIN) (NR) |
658.4012 |
| Local cutter number (OCLC) ; Book number/undivided call number, CALL (RLIN) |
YEO |
| 100 1# - MAIN ENTRY--PERSONAL NAME |
| Personal name |
Yeoh, Michael |
| 9 (RLIN) |
6740 |
| 245 10 - TITLE STATEMENT |
| Title |
Wawasan Dan Kepimpinan : |
| Remainder of title |
Nilai dan strategi ke arah wawasan 2020 / |
| Statement of responsibility, etc. |
Michael Yeoh ; penterjemah Rahayu Ibrahim, Suziana Abd. Aziz |
| 260 ## - PUBLICATION, DISTRIBUTION, ETC. |
| Place of publication, distribution, etc. |
Kuala Lumpur : |
| Name of publisher, distributor, etc. |
Utusan Publications & Distributors, |
| Date of publication, distribution, etc. |
2003 |
| 300 00 - PHYSICAL DESCRIPTION |
| Extent |
xi, 108ms. ; |
| Dimensions |
25cm |
| 500 ## - GENERAL NOTE |
| General note |
Koleksi Peribadi YABhg. Tun Ahmad Sarji (2100287) |
| 650 #0 - SUBJECT ADDED ENTRY--TOPICAL TERM |
| Topical term or geographic name entry element |
Strategic planning |
| Geographic subdivision |
Malaysia |
| 9 (RLIN) |
6741 |
| 650 #0 - SUBJECT ADDED ENTRY--TOPICAL TERM |
| Topical term or geographic name entry element |
Industrial management |
| Geographic subdivision |
Malaysia |
| 9 (RLIN) |
6100 |
| 650 #0 - SUBJECT ADDED ENTRY--TOPICAL TERM |
| Topical term or geographic name entry element |
Wawasan 2020 |
| 9 (RLIN) |
8 |
| 700 0# - ADDED ENTRY--PERSONAL NAME |
| Personal name |
Rahayu Ibrahim |
| 9 (RLIN) |
100 |
| 700 0# - ADDED ENTRY--PERSONAL NAME |
| Personal name |
Suzana Abd. Aziz |
| 9 (RLIN) |
6742 |
| 942 ## - ADDED ENTRY ELEMENTS (KOHA) |
| Source of classification or shelving scheme |
|
| Koha item type |
Book |